000 01285nam a2200181 a 4500
003 MX-MxUPN
005 20260325155337.0
007 ta
008 260325s1983 mx|oc||| |||f100 s spa d
040 _aMX-MxUPN
_bspa
111 _aDiálogo universitario
_cSan Luis Potosí, S.L.P.
_d1983
_959175
245 1 0 _aDiálogo universitario
260 _aMéxico :
_bPresidencia de la República : Dirección General de Comunicación Social,
_c1983
300 _a45 páginas
505 _tSr. José Antonio Villanueva. Presidente de la Federación Universitaria Potosina /
_rJosé Antonio Villanueva.--
_tSr. Sotero Rivera Espinosa. Secretario General de la Unión Sindical de la Universidad Autónoma de San Luis Potosí /
_rSotero Rivera Espinosa.--
_tIng. Francisco Xavier Salazar. Secretario General de la Unión de Asociaciones del Personal Académico y Coordinador Nacional de Asociaciones y Sindicatos de Personal Académico Universitario /
_rFrancisco Xavier Salazar.--
_tLic. Guillermo Delgado Robles. Rector de la Universidad Autónoma de San Luis Potosí /
_rGuillermo Delgado Robles.--
_tLic. Miguel de la Madrid. Presidente Constitucional de los Estados Unidos Mexicanos /
_rMiguel de la Madrid.
650 0 _aUniversidades y colegios
_vPlanes y programas
_99046
942 _2lcc
_cFOLL
999 _c214884
_d214884